000 01130nam a2200313 a 4500
001 000108371
003 CHAP
005 20220329144010.0
008 140203s2012 it |r| ||||||spa d
010 _a104833
011 _a105805
040 _cCHAP
082 0 4 _a631.5
_bF213
110 1 _aFAO. Comisión de Recursos Genéticos para la Alimentación y la Agricultura
_9125293
245 1 0 _aSegundo plan de accion mundial para los recursos fitogeneticos para la alimentacion y la agricultura; Aprobado por el Consejo de la FAO, Roma, Italia, 29 noviembre 2011 /
_cpor FAO. Comisión de Recursos Genéticos para la Alimentación y la Agricultura.
260 _aRoma :
_bFAO,
_cc2012.
300 _a104 p.
590 _aE5995AHE
_b05
_c20140203
_lUCH01
_h1132
650 1 4 _aAgricultura
_91172
650 1 4 _aBiodiversidad.
_912724
650 1 4 _aGermoplasma.
_947766
650 1 4 _aRecursos alimentarios.
_9125292
650 1 4 _aRecursos genéticos vegetales.
_995086
650 1 4 _aRecursos genéticos
_xConservación.
_995081
650 1 4 _aSeguridad alimentaria.
_9103673
901 _aBK
942 _cLIBRO
942 _n0
999 _c104833
_d104833